000 00385nam a2200157Ia 4500
008 230524s9999 xx 000 0 und d
082 _bKAP
100 _aShikha kapoor
_942698
245 0 _aHuman Resource Management: Text and cases
250 _a1
260 _aNew Delhi
_bTaxman
_c2016
300 _a795p;
500 _aQuantity Number: 1
650 _aManagement
942 _cBK
999 _c57686
_d57686